Caminando por el mundo (Registro nro. 67989)
[ vista simple ]
| 000 -LÍDER | |
|---|---|
| Campo fijo de descripción fija | 01266nam a2200193 i 4500 |
| 001 - NÚMERO DE CONTROL | |
| Campo de control | 768714001 |
| 003 - IDENTIFICADOR DEL NÚMERO DE CONTROL | |
| Campo de control | CO-MdFUSB |
| 005 - FECHA Y HORA DE LA ULTIMA TRANSACCIÓN | |
| control field | 20220725144948.0 |
| 008 - ELEMENTOS DE LONGITUD FIJA -- INFORMACIÓN GENERAL | |
| Campo fijo de descripción fija -- Información general | 220725b ||||| |||| 00| 0 eng d |
| 040 ## - FUENTE DE CATALOGACIÓN | |
| Idioma de catalogación | spa |
| Agencia que realiza la transcripción | CO-MdFUSB |
| Agencia que realiza la modificación | CO-MdFUSB |
| 041 ## - CÓDIGO DE IDIOMA | |
| Código de idioma para texto/pista de sonido o título separado | spa |
| 100 ## - ASIENTO PRINCIPAL--NOMBRE PERSONAL | |
| Nombre personal | Gorki, Máximo, |
| Término relacionador | autor |
| 245 ## - TÍTULO | |
| Título | Caminando por el mundo |
| Mención de responsabilidad | / Máximo Gorki |
| 300 ## - DESCRIPCIÓN FÍSICA | |
| Extensión | Volumen 9, (1984) páginas 65- 311 ; |
| Dimensiones | 22 cm |
| 520 ## - NOTA DE RESUMEN, ETC. | |
| Nota de sumario, etc. | Por el mundo narra los primeros pasos de Alekséi en un universo, el de los adultos, complejo y lleno de matices. Asistiremos a su aprendizaje de multitud de oficios, que lo llevarán de ser empleado en una zapatería a capataz, pasando por friegaplatos en un barco que traslada presos a Siberia, criado en la casa de unos familiares o vendedor en una tienda de iconos. En las páginas de este volumen se nos presentan una gran cantidad de personajes, algunos oscuros y míseros, otros en cambio deslumbrantes; de ellos aprenderá el joven Gorki sobre los rigores de la vida y también sobre la gran literatura, que se convertirá en su refugio y en la forja de su carácter. |
| 653 ## - TÉRMINO DE INDIZACIÓN - NO CONTROLADO | |
| Término no controlado | Literatura rusa |
| 773 0# - ASIENTO DE ITEM FUENTE | |
| Biblionumber | 67924 |
| Itemnumber | 81148 |
| Asiento principal | Oveja Negra, |
| Otro identificador del ítem | 24698 |
| Título | Maestros de la literatura universal |
| Número de control del registro | (CO-MdFUSB)768714001 |
| International Standard Book Number | 8482806718 |
| 942 ## - TIPO DE MATERIAL (KOHA) | |
| Tipo de Item KOHA | Libros General |
No hay ítems disponibles.
